Contabilidad básica (Registro nro. 1761)

Detalles MARC
000 -LEADER
fixed length control field 00995 a2200217 4500
001 - CONTROL NUMBER
control field 28958
005 - DATE AND TIME OF LATEST TRANSACTION
control field 20260407155558.0
008 - FIXED-LENGTH DATA ELEMENTS--GENERAL INFORMATION
fixed length control field 260407a1979 arg spa d
003 - CONTROL NUMBER IDENTIFIER
control field AR-UNSa-BCEJYS
040 ## - CATALOGING SOURCE
Original cataloging agency AR-UNSa-BCEJYS
Language of cataloging spa
Transcribing agency AR-UNSa-BCEJYS
080 ## - UNIVERSAL DECIMAL CLASSIFICATION NUMBER
Universal Decimal Classification number 657
Common auxiliary subdivision Contabilidad
100 1# - MAIN ENTRY--PERSONAL NAME
Personal name Edwards, James Don
245 10 - TITLE STATEMENT
Title Contabilidad básica
264 #1 - PRODUCTION, PUBLICATION, DISTRIBUTION, MANUFACTURE, AND COPYRIGHT NOTICE
Place of production, publication, distribution, manufacture Buenos Aires :
Name of producer, publisher, distributor, manufacturer El Ateneo
Date of production, publication, distribution, manufacture, or copyright notice 1979
300 ## - PHYSICAL DESCRIPTION
Extent 200 p.
Dimensions 26 cm.
505 ## - FORMATTED CONTENTS NOTE
Formatted contents note 1. Naturaleza y usos de la información contable - 2. Acumulación dela información contable - 3. Introducción al sistema contable - 4. Asiento de ajuste - 5. Inventarios de mercaderias e ingresos por ventas - 6. Inventario periodico- procedimiento - 7. La hoja de trabajo y el ciclo contable ejemplificado - 8. Acumulación y control de datos masivos - 9. Solución de las preguntas y respuestas para repaso del estudiante.
590 ## - LOCAL NOTE (RLIN)
Local note niveau_biblio:m niveau_hierar:0
700 1# - ADDED ENTRY--PERSONAL NAME
Personal name Hermanson, Roger H.
700 1# - ADDED ENTRY--PERSONAL NAME
Personal name Salmonson, R.F.
942 ## - ADDED ENTRY ELEMENTS (KOHA)
Koha item type
Existencias
Withdrawn status Lost status Damaged status Not for loan Home library Current library Shelving location Date acquired Total checkouts Full call number Barcode Date last seen Price effective from Koha item type
        Biblioteca Prof. Eusebio Cleto del Rey Biblioteca Prof. Eusebio Cleto del Rey   07/04/2026   657 E25 L33863 07/04/2026 07/04/2026 Libro